000 00337nam a2200133Ia 4500
008 151015s9999 xx 000 0 und d
020 _a9966442383
050 _aPL 8704 N77 N4 1993
245 _aNurru Saidi M
250 _a_Ndoa ya Mzimuni
300 _aNairobi KLB 1993
650 _a_Hadithi
700 _a^d20130214 11:06:27^oanne
999 _c3942
_d3942